Samuel Thompson: Original Compositions - Statistics

General Stats
  • This quiz has been taken 11 times
    8 since last reset
  • The average score is 5 of 7
Answer Stats
Hint Answer % Correct
Munster Winter Percussion 2024 The Fountain's Elixir
100%
Munster Winter Percussion 2025 DEFCON
80%
Munster Winter Percussion 2023 One Falls, One Follows
80%
Munster Winter Percussion 2022 Grief
60%
Contemporary Jazz Piece Petrichor
60%
Choral Piece Voices for Ypres
60%
Cello Piece The Cargohopper
40%
No matching quizzes found
Score Distribution
Percent of People with Each Score
Percentile by Number Answered
Your Score History
You have not taken this quiz since the last reset